Travesía por un estrecho dudoso / (Record no. 1118)

MARC details
000 -LEADER
campo de control de longitud fija 00912nam a22002417a 4500
008 - DATOS DE LONGITUD FIJA--INFORMACIÓN GENERAL
campo de control de longitud fija 170114s2012 cr||||| |||| 00| 0 spa d
020 ## - NÚMERO INTERNACIONAL ESTÁNDAR DEL LIBRO
Número Internacional Estándar del Libro 9789968899338
082 04 - NÚMERO DE LA CLASIFICACIÓN DECIMAL DEWEY
Número de clasificación 709.2
Número de ítem P438t
100 1# - ENTRADA PRINCIPAL--NOMBRE DE PERSONA
Nombre de persona Pérez-Ratton, Virginia.
9 (RLIN) 580
245 10 - MENCIÓN DEL TÍTULO
Título Travesía por un estrecho dudoso /
Mención de responsabilidad, etc. Virginia Pérez-Ratton ; editado por Víctor Hugo Acuña Ortega, Alexandra Ortíz Wallner y Dominique Ratton Pérez.
250 ## - MENCION DE EDICION
Mención de edición 1a ed.
260 ## - PUBLICACIÓN, DISTRIBUCIÓN, ETC.
Lugar de publicación, distribución, etc. San José, Costa Rica :
Nombre del editor, distribuidor, etc. TEOR/ética ; The Getty Foundation,
Fecha de publicación, distribución, etc. 2012.
300 ## - DESCRIPCIÓN FÍSICA
Extensión 444 p.
Otras características físicas il. col.
653 10 - TÉRMINO DE INDIZACIÓN--NO CONTROLADO
Término no controlado Arte contemporáneo
653 10 - TÉRMINO DE INDIZACIÓN--NO CONTROLADO
Término no controlado Arte Centroamericano
653 10 - TÉRMINO DE INDIZACIÓN--NO CONTROLADO
Término no controlado Artistas costarricenses
653 10 - TÉRMINO DE INDIZACIÓN--NO CONTROLADO
Término no controlado Arte - Costa Rica
653 10 - TÉRMINO DE INDIZACIÓN--NO CONTROLADO
Término no controlado Arte - Biografías
653 10 - TÉRMINO DE INDIZACIÓN--NO CONTROLADO
Término no controlado Instalaciones
700 1# - ENTRADA AGREGADA--NOMBRE PERSONAL
Nombre de persona Acuña Ortega, Víctor Hugo.
Término indicativo de función/relación editor.
9 (RLIN) 339
700 1# - ENTRADA AGREGADA--NOMBRE PERSONAL
Nombre de persona Ortíz Wallner, Alexandra.
Término indicativo de función/relación editora.
9 (RLIN) 5701
700 1# - ENTRADA AGREGADA--NOMBRE PERSONAL
Nombre de persona Ratton Pérez, Dominique.
Término indicativo de función/relación editora.
9 (RLIN) 5702
Holdings
Estatus retirado Estado de pérdida Fuente del sistema de clasificación o colocación Estado de daño No para préstamo Biblioteca de origen Biblioteca actual Ubicación en estantería Fecha de adquisición Total de préstamos Signatura topográfica completa Código de barras Visto por última vez Precio de reemplazo Tipo de ítem Koha
    Clasificación Decimal Dewey     Biblioteca LadoV Biblioteca LadoV   14/01/2017   709.2 P438t 004314 14/01/2017 14/01/2017 Material 01
    Clasificación Decimal Dewey     Biblioteca LadoV Biblioteca LadoV   24/11/2018   709.2 OR77v 004664 24/11/2018 24/11/2018 Material 01
    Clasificación Decimal Dewey     Biblioteca LadoV Biblioteca LadoV   24/11/2018   709.2 OR77v 004608 24/11/2018 24/11/2018 Material 01